| 000 | 00676nam a2200229 a 4500 | ||
|---|---|---|---|
| 001 | 000003254 | ||
| 003 | DO-SdBNP | ||
| 005 | 20180327133729.0 | ||
| 007 | 000003254 | ||
| 008 | 090707s2009 dr af 000 0 spa d | ||
| 020 | _a9789945140330 | ||
| 040 |
_aBPMET _bspa _cBPMET |
||
| 100 | 1 | _aPhipps, Miguel | |
| 245 | 1 | 3 |
_aLa ranita de la virtud / _cMiguel Phipps. |
| 260 |
_aSanto Domingo : _bCorripio, _c2009. |
||
| 300 |
_a[20] p. : _bil. ; _c29 cm. |
||
| 490 |
_aInfantil Xiomara, ser divino _vno. 14 |
||
| 830 |
_pInfantil Xiomara, ser divino _vno. 14 |
||
| 942 |
_2ddc _cBK |
||
| 945 | _aRemanejado para la BNPHU / 2018 VM | ||
| 956 |
_aVMATEO _b10 _c20140627 _lBPMSU _h1303 |
||
| 999 |
_c7709 _d7709 |
||